01479nab a22002777a 4500999001500000003000400015005001700019008004100036040000700077100003300084245013600117260007200253300001500325500003900340505010400379505030500483505008900788650002600877650002900903650003100932650003400963650003200997650002001029773013901049942001301188 c5931d5931OSt20260114010602.0190605e xxu||||| |||| 00| 0 spa d cPJ 94886aElmelaj, María Laura10a¿Guiño a los trabajadores accidentados? Los plazos de caducidad locales y su dudosa constitucionalidad /cMaría Laura Elmelaj. aCiudad Autónoma de Buenos Aires :bThomson Reuters La Ley,c2024. ap. 231-235 aCita: TR LALEY AR/DOC/2838/2023.  aSumario: I. Introducción.— II. La sentencia anotada.— III. Comentario.— IV. ¿Comentarios?  aFallos comentados: SC Mendoza, sala II ~ 08/06/2021 ~ Daneri Mancebo, Laura Gabriela c. Asociart, A.R.T. s/ accidente s/ recurso extraordinario. CS ~ 19/10/2023 ~ Daneri Mancebo, Laura Gabriela c. Asociart ART S.A. s/ accidente p/ recurso extraordinario provincial p/ recurso extraordinario federal.  t¿Te interesa el texto completo? Solicitalo al correo: koha@justierradelfuego.gov.ar 091316aDERECHO LABORAL 094597aCONSTITUCIONALIDAD 094942aCOMISIONES MÉDICAS 091570aDERECHOS DEL TRABAJADOR 091417aACCIDENTES DE TRABAJO 093887aCADUCIDAD0 0271193168dCiudad Autónoma de Buenos Aires : Thomson Reuters La Ley, 1999-2002.tRevista de derecho del trabajo. Nº 1 - Enero 2024 2udccANA